000 00868nam a22002417a 4500
005 20240530110900.0
008 220208s2003 ua g b 000 0 ara d
017 _a2003/2424
_bمصر. دار الكتب
040 _aEG-CaGPL
_cEG-CaGPL
082 0 4 _221
_a303.45/
_bح ث
100 0 _aحنان سالم
245 1 0 _aثقافة الفساد فى مصر :
_bدراسة مقارنة للدول النامية /
_cحنان سالم
250 _aط.1
260 _aالقاهرة :
_bدار المحروسة،
_c2003.
300 _a185 ص. ؛
_c19 سم.
504 _aيشتمل على ارجاعات ببليوجرافية
650 0 7 _2qrmak
_aالفساد الاجتماعى
650 0 7 _2qrmak
_aالفساد السياسى
_zمصر
650 0 7 _2qrmak
_aالفساد
651 _2qrmak
942 _2ddc
_cBK
999 _c66118
_d66118